Militaires français à l'étranger - Statistiques

Statistiques générales
  • Ce quiz a été pris 22 fois
  • Le résultat moyen est 8 sur 34
Statistiques - réponses
Hint Effectifs Pays % Correct
Détachements de liaison interarmées a Côte d'Ivoire
70%
Forces prépositionnées a Djibouti
70%
Opération Chammal a Irak
55%
Bataillons multinationaux - OTAN a Roumanie
55%
ONU a Liban
50%
Détachements de liaison interarmées a Gabon
45%
EUMAM Inconnu Pologne
45%
ONU Inconnu République démocratique du Congo
40%
100
35%
Forces prépositionnées a Emirats Arabes Unis
35%
Bataillons multinationaux - OTAN a Estonie
35%
200
30%
ONU Inconnu République centrafricaine
30%
150
20%
80
20%
1100
15%
1500
15%
250
15%
350
15%
750
15%
800
15%
Mission Althea Inconnu Bosnie Herzégovine
15%
EUTM Inconnu Mozambique
15%
1400
10%
450
10%
Déploiements maritimes a Méditerranée
10%
Opération Irini (Maritime) Inconnu Méditerranée
10%
Déploiements maritimes a Golfe de Guinée
5%
Déploiements maritimes a Atlantique Nord
0%
Mission Agénor (Maritime) Inconnu Détroit d'Ormouz
0%
Mission Atalante (Maritime) Inconnu Golfe d'Aden
0%
Opération Aspides (Maritime) Inconnu Golfe d'Aden, mer Rouge, Golfe d'Oman
0%
Déploiements maritimes a Golfe Persique
0%
ONU Inconnu Sahara
0%
Aucun quiz correspondant
Distribution des résultats
% des personnes avec chaque résultat
Percentile par nombre de réponses
Votre historique - résultats
Vous n’avez pas pris ce quiz